| 000 | 00000nam##2200000za#4500 |
| 001 | 9.602702 |
| 003 | CaOODSP |
| 005 | 20210624210713 |
| 007 | cr ||||||||||| |
| 008 | 150406|1998||||xxc|||||o f|0| 0 fre|d |
| 040 | |aCaOODSP|bfre |
| 043 | |an-cn--- |
| 086 | 1 |aF21-6/1998-7F-PDF |
| 110 | 1 |aCanada.|bMinistère des finances.|bGroupe de travail sur l'avenir du secteur des services financiers canadien. |
| 245 | 10|aRapport sur l'élargissement des pouvoirs des banques à la location-bail de véhicules légers / |h[ressource électronique]|cpar DesRosiers Automotive Consultants Inc. |
| 260 | |aOttawa - Ontario : |bFinances Canada. |cSeptembre 1998. |
| 300 | |a210p.|bfigure, graphiques, références, tableaux |
| 490 | 1 |aDocument de recherche préparé pour le Groupe de travail sur l'avenir du secteur des services financiers canadien |
| 500 | |aLe n° de catalogue (BT22-61/3-1998F-7) copié dans cette édition PDF est incorrect. L'ISBN (0-662-83157-8) de l'édition imprimée a été incorrectement copié dans l'édition électronique. |
| 504 | |aBibliographie. |
| 590 | |a11-30-Supp|b2011-12-02 |
| 691 | 07|aOpération bancaire|2gcpds |
| 691 | 07|aLocation|2gcpds |
| 710 | 2 |aDesRosiers Automotive Consultants. |
| 775 | 08|tBackground report on extending bank powers to include light vehicle leasing / |w(CaOODSP)9.572325 |
| 776 | 0#|tRapport sur l'élargissement des pouvoirs des banques à la location-bail de véhicules légers / |w(CaOODSP)9.624852 |
| 830 | #0|aDocument de recherche préparé pour le Groupe de travail sur l'avenir du secteur des services financiers canadien.|w(CaOODSP)9.503148 |
| 856 | 40|ahttp://publications.gc.ca|qPDF|s6.15 Mo|uhttps://publications.gc.ca/collections/Collection/F21-6-1998-7F.pdf |